METALLURGICAL CHEMISTRY PROCEEDING OF A SYMPOSIUM HELD AT BRUNEL UNIVERSITY ANDTHE NATIONAL PHYSICAL LABORATORY ON THE 14, 15 AND 16 JULY 1971 (Record no. 584006)
[ view plain ]
| 000 -LEADER | |
|---|---|
| fixed length control field | 00367nam a22001097a 4500 |
| 082 ## - DEWEY DECIMAL CLASSIFICATION NUMBER | |
| Classification number | 669.9 MET'K |
| 100 ## - MAIN ENTRY--PERSONAL NAME | |
| Personal name | KUBASCHEWSKI, O |
| 9 (RLIN) | 78935 |
| 245 ## - TITLE STATEMENT | |
| Title | METALLURGICAL CHEMISTRY PROCEEDING OF A SYMPOSIUM HELD AT BRUNEL UNIVERSITY ANDTHE NATIONAL PHYSICAL LABORATORY ON THE 14, 15 AND 16 JULY 1971 |
| 260 ## - PUBLICATION, DISTRIBUTION, ETC. | |
| Place of publication, distribution, etc. | LONDON |
| Name of publisher, distributor, etc. | HER MAJESTY'S |
| Date of publication, distribution, etc. | 1972 |
| 300 ## - PHYSICAL DESCRIPTION | |
| Extent | 681P |
| 942 ## - ADDED ENTRY ELEMENTS (KOHA) | |
| Koha item type | Book |
| Withdrawn status | Lost status | Damaged status | Not for loan | Permanent Location | Current Location | Shelving location | Date acquired | Total Checkouts | Full call number | Barcode | Date last seen | Price effective from | Koha item type |
|---|---|---|---|---|---|---|---|---|---|---|---|---|---|
| College of Electrical & Mechanical Engineering (CEME) | College of Electrical & Mechanical Engineering (CEME) | General Stacks | 06/21/2017 | 669.9 MET'K | CEME-7270 | 06/28/2021 | 06/28/2021 | Book |
